<?xml version="1.0" encoding="UTF-8"?>
<record
    xmlns:xsi="http://www.w3.org/2001/XMLSchema-instance"
    xsi:schemaLocation="http://www.loc.gov/MARC21/slim http://www.loc.gov/standards/marcxml/schema/MARC21slim.xsd"
    xmlns="http://www.loc.gov/MARC21/slim">

  <leader>00750nam a22002177a 4500</leader>
  <controlfield tag="003">NALT</controlfield>
  <controlfield tag="005">20210913094908.0</controlfield>
  <controlfield tag="008">      s2523    th                  tha d</controlfield>
  <datafield tag="040" ind1=" " ind2=" ">
    <subfield code="a">NALT</subfield>
  </datafield>
  <datafield tag="041" ind1=" " ind2=" ">
    <subfield code="a">tha</subfield>
  </datafield>
  <datafield tag="050" ind1=" " ind2=" ">
    <subfield code="a">HC 240 </subfield>
    <subfield code="b">&#xE0A;5 2523</subfield>
  </datafield>
  <datafield tag="100" ind1="0" ind2=" ">
    <subfield code="a">&#xE0A;&#xE27;&#xE35; &#xE40;&#xE01;&#xE32;&#xE0A;&#xE27;&#xE31;&#xE15;</subfield>
    <subfield code="9">54493</subfield>
  </datafield>
  <datafield tag="245" ind1="1" ind2="0">
    <subfield code="a">&#xE1B;&#xE23;&#xE30;&#xE27;&#xE31;&#xE15;&#xE34;&#xE28;&#xE32;&#xE2A;&#xE15;&#xE23;&#xE4C;&#xE40;&#xE28;&#xE23;&#xE29;&#xE10;&#xE01;&#xE34;&#xE08;&#xE22;&#xE38;&#xE42;&#xE23;&#xE1B; /</subfield>
    <subfield code="c">&#xE0A;&#xE27;&#xE35; &#xE40;&#xE01;&#xE32;&#xE0A;&#xE27;&#xE31;&#xE15;</subfield>
  </datafield>
  <datafield tag="250" ind1=" " ind2=" ">
    <subfield code="a">&#xE1E;&#xE34;&#xE21;&#xE1E;&#xE4C;&#xE04;&#xE23;&#xE31;&#xE49;&#xE07;&#xE17;&#xE35;&#xE48; 2</subfield>
  </datafield>
  <datafield tag="260" ind1=" " ind2=" ">
    <subfield code="a">&#xE21;.&#xE1B;.&#xE17;. : </subfield>
    <subfield code="b">&#xE42;&#xE23;&#xE07;&#xE1E;&#xE34;&#xE21;&#xE1E;&#xE4C;&#xE41;&#xE2A;&#xE07;&#xE23;&#xE38;&#xE49;&#xE07;, </subfield>
    <subfield code="c">2523.</subfield>
  </datafield>
  <datafield tag="300" ind1=" " ind2=" ">
    <subfield code="a">170 &#xE2B;&#xE19;&#xE49;&#xE32; ;</subfield>
    <subfield code="c">27 &#xE0B;&#xE21;.</subfield>
  </datafield>
  <datafield tag="651" ind1=" " ind2="4">
    <subfield code="9">54439</subfield>
    <subfield code="a">&#xE22;&#xE38;&#xE42;&#xE23;&#xE1B; </subfield>
    <subfield code="x">&#xE20;&#xE32;&#xE27;&#xE30;&#xE40;&#xE28;&#xE23;&#xE29;&#xE10;&#xE01;&#xE34;&#xE08;</subfield>
  </datafield>
  <datafield tag="850" ind1=" " ind2=" ">
    <subfield code="a">NALT</subfield>
  </datafield>
  <datafield tag="942" ind1=" " ind2=" ">
    <subfield code="c">GB</subfield>
    <subfield code="2">lcc</subfield>
  </datafield>
  <datafield tag="998" ind1=" " ind2=" ">
    <subfield code="b">phon</subfield>
    <subfield code="j">104</subfield>
    <subfield code="k"> &#xE2A;&#xE32;&#xE22;&#xE1D;&#xE19; &#xE14;&#xE35;&#xE07;&#xE32;&#xE21;</subfield>
  </datafield>
  <datafield tag="999" ind1=" " ind2=" ">
    <subfield code="c">3008</subfield>
    <subfield code="d">3008</subfield>
  </datafield>
  <datafield tag="952" ind1=" " ind2=" ">
    <subfield code="0">0</subfield>
    <subfield code="1">0</subfield>
    <subfield code="2">lcc</subfield>
    <subfield code="4">0</subfield>
    <subfield code="7">0</subfield>
    <subfield code="8">CGBL</subfield>
    <subfield code="a">NALT</subfield>
    <subfield code="b">NALT</subfield>
    <subfield code="d">2021-09-13</subfield>
    <subfield code="o">HC 240 &#xE0A;5 2523</subfield>
    <subfield code="p">3961102738</subfield>
    <subfield code="r">2017-06-09 00:00:00</subfield>
    <subfield code="w">2017-06-09</subfield>
    <subfield code="y">GB</subfield>
  </datafield>
</record>
